Popularne polskie piosenki w tym tygodniu. 11-17.06 - Statystyki

Ogólne statystyki
  • Ten quiz został rozwiązany 7 razy
  • Średni wynik to 9 z 30
Statystyki odpowiedzi
Wykonawca Wyświetlenia Utwór % Poprawnych
OIO 1.97M Amerykańskie Teledyski
83%
Ekipa ft. Jacuś 4.37M Zygzak
83%
Ekipa 1.84M 3KIPA
67%
Sobel 2.64M Fiołkowe Pole
67%
Sobel 1.26M Kinol
67%
Sanah 829K 2:00
50%
Sanah ft. Vito Bambino 1.42M Ale jazz!
50%
Ekipa 1.19M Chill
50%
Mata 1.07M Patoreakcja
50%
OIO 1.35M Worki W Tłum
50%
Alberto 623K Dwutakt
33%
Guzior ft. Oskar83 791K FALA
33%
Sanah 1.95M ten Stan
33%
Guzior 752K BLUEBERRY
17%
Sanah 2.31M etc. (na disco)
17%
Paluch 1.31M Każdy blok
17%
Chivas ft. White 2115 734K Mam Na Twarzy Krew I Tym Razem Nie Jest Sztuczna
17%
Defis & MiłyPan 702K Musisz się starać
17%
Sobel ft. Young Igi 685K Nie Teraz
17%
Smolasty ft. Oliwka Brazil 1.13M Oh Daddy
17%
Sanah 864K To koniec
17%
Dawid Kwiatkowski 666K Bez Ciebie
0%
Hinol Polska Wersja 802K Dziś się czuję jak to zwierzę
0%
BARANOVSKI 617K Lubię być z nią
0%
OIO 730K MVP
0%
Kizo ft. Wac Toja 1.02M Nasze Lato
0%
Hinol Polska Wersja 1.54M Nie potrzeba mi nic więcej
0%
OIO 806K Przypadkiem
0%
Żabson, Kizo, ZetHa 1.06M Puerto Bounce
0%
Major ft. Kizo 650K Słońce
0%
Nie znaleziono quizów pasujących do podanych kryteriów
Rozkład punktacji
Procent ludzi z każdym wynikiem
Percentyl według liczby udzielonych odpowiedzi
Twoja historia wyników
Nie rozwiązałeś tego quizu